• 首页
  • 本馆介绍
  • 公告通知
  • 最新文献
  • 馆藏检索
  • 电子资源
  • 读者导购
  • 参考咨询
  • 我的图书馆
  • 登录
  • 详细信息显示
  • 放入我的书架
  • 预约/预借图书
  • 作者相关作品
  • 分类相关作品
  • 丛书相关作品
  • 出版社相关作品

书目信息

  • 表格格式
  • 工作单格式
  • 卡片格式
题名:
金匮要略方论
    
 
作者: 张仲景 述 ;王叔和 集
分册:  
出版信息: 北京   人民卫生  1963
页数: 98页
开本: 19cm
丛书名:
单 册:
中图分类: R222.36
科图分类:
主题词:
电子资源:
ISBN:
000 00705nam0 2200241 45
001 0195008896
005 20060809080804.00
010    @dCNY0.22
091    @a14048.2725
100    @a19950202e19941963em y0chiy0121 ea
101 0  @achi
102    @aCN@b110000
105    @ay z 000yy
200 10 @a金匮要略方论@AJIN KUI YAO LUE FANG LUN@f(汉)张仲景述@F( HAN ) ZHANG ZHONG JING SHU@g(晋)王叔和集
210    @a北京@c人民卫生@d1963@h1994重印
215    @a98页@d19cm
540 1  @a金匮 要略@AJIN KUI YAO LUE
605    @a金匮要略方论
690    @aR222.36@v三版
701  0 @a张仲景@AZHANG ZHONG JING@4述
702  0 @a王叔和@AWANG SHU HE@4集
801  0 @aCN@bTSSF@c20060809
905    @a10447@dR222.36@e247
    
    金匮要略方论/(汉)张仲景述/(晋)王叔和集.-北京:人民卫生,1963(1994重印)
    98页;19cm
    
    
    ISBN :CNY0.22
    
●
相关链接 在E读中查询图书 在五车中查询图书 在当当中查询图书 在豆瓣中查询图书


正题名:金匮要略方论     索取号:R222.36/247         预约/预借

序号 登录号 条形码 馆藏地/架位号 状态 备注
1 0451800   204518003   密集书库/ [索取号:R222.36/247] 在馆    
唐山师范学院图书馆 欢迎您!
大连网信软件有限公司© 版权所有